| 000 | 00358nam a2200145Ia 4500 | ||
|---|---|---|---|
| 005 | 20240619025721.0 | ||
| 008 | 240331s9999 xx 000 0 und d | ||
| 082 |
_bGAN _a891.48 |
||
| 100 | _aGanesalingan, S | ||
| 245 | 0 | _aPalsuvai kattraikal | |
| 260 |
_aChennai _bKumaran Publishers _c2006 |
||
| 300 | _a168 p ., | ||
| 650 | _aLiterary articles | ||
| 942 | _cL | ||
| 999 |
_c3892 _d3892 |
||